00333nam a2200121Ia 4500008004100000082001900041100002100060245004900081250000800130260004300138300001000181650002000191150201s2005 xx 000 0 und d a616.07bT2005B aBANCROFT,JOHN D. aTHEORY & PRACTICE OF HISTOLOGICAL TECHNIQUES a5TH bCHURCHILL LIVINGSTONEaEDINBURGHc2005 a1-793 aHUMAN HISTOLOGY